| 000 | 00459nam a2200193Ia 4500 | ||
|---|---|---|---|
| 008 | 240510s9999 xx 000 0 und d | ||
| 020 | _a9781610395281 | ||
| 041 | _aEng | ||
| 082 | _a600 | ||
| 082 | _bT59 | ||
| 100 | _aTOYAMA,KENTARO | ||
| 245 | 0 | _aGeek Heresy:Rescuing Social Change from the Cult of Technology | |
| 260 | _bNew York:PublicAffairs | ||
| 260 | _c2015 | ||
| 300 | _a334 p. | ||
| 650 | _aTechnology | ||
| 942 | _2ddc | ||
| 942 | _cRBK | ||
| 999 |
_c29462 _d29462 |
||
| 945 |
_a1 _bMadushi Gamage _c1 _dMadushi Gamage |
||